Loading...

Anti-idiotypes, receptors, and molecular mimicry

Bibliographic Details
Main Author: Linthicum, D Scott, Ed.; Farid, Nadir R, Ed
Format: Printed Book
Published: Springer-Verlag, New York 1988
Subjects:
LEADER 00528nam a2200193 4500
020
082 |a 573.4 LIN-A 
100 |a Linthicum, D Scott, Ed.; Farid, Nadir R, Ed. 
245 |a Anti-idiotypes, receptors, and molecular mimicry 
250
260 |a Springer-Verlag, New York  |c 1988 
300
490
500
590 |a VIN 
650 |a Endocrinology 
942 |c BK 
999 |c 90357  |d 90357 
952 |0 0  |1 0  |4 0  |6 573_400000000000000_LINA  |7 0  |9 103825  |a ZGY  |b ZGY  |l 0  |o 573.4 LIN-A  |p ZGY02893  |r 2019-09-25  |w 2019-09-25  |y BK